000 00972nam a2200253 i 4500
001 160330
003 ES-MaACL
005 20250710063340.0
008 040922s1877 sp a |||| | spa d
040 _aCAM
_bspa
_cCAM
100 1 _aMuller, Eugène,
_d1823-1913
_eaut
_9130277
245 1 3 _aUn invierno en Siberia /
_cpor E. Muller ; versión española por M. Blanch.
260 _aBarcelona :
_bTorcuato Tasso Serra,
_c1877.
300 _a62, [2] p. :
_bil. ;
_c29 cm.
490 1 _aBiblioteca de El Plus Ultra
505 8 _aContiene también: Una hora de centinela / por Pablo Celières ; traducción de Luis Calvo, p. 55-62
700 1 _aCéliéres, Paul
_9126410
_eaut
700 1 _aBlanch, M.
_9126007
_etrl
700 _aCalvo, Luis
_etrl
_9227326
830 0 _aBiblioteca de El Plus Ultra
_9188080
852 _aES-MaACL
_jFol-Laf-34
_z-- Rúst., falto de la cub. post.
_z-- Legado de M. de la Fuente
942 _2udc
999 _c160330
_d160330